000 01401nam a22003617a 4500
003 CHAP
005 20220329143837.0
008 111209s2011 mx r 00010 spa d
010 _a102673
011 _a103645
035 _a114334
040 _cCHAP
090 _aTesis
100 1 _aMicah Royan, Isaac
_975386
245 1 0 _aEvaluación de variedades de tomate (Solanum lycopersicum L.) para cosecha en racimo bajo invernadero
_h[En línea]
_c/por Isaac Micah Royan
260 _aChapingo, Méx. :
_bEl autor,
_c2011
500 _aPara ver el contenido del material haga clic en la liga
502 _aTesis (Ing. Agr. Esp. en Fitotecnia) -- UACH. Departamento de Fitotecnia
590 _aALEPH
_b10
_c20130110
_lUCH01
_h1543
590 _aBATCH-UPD
_b10
_c20130110
_lUCH01
_h1120
590 _aBATCH-UPD
_b10
_c20140324
_lUCH01
_h1529
590 _aBATCH-UPD
_b10
_c20141002
_lUCH01
_h0852
590 _aCONVERSION
_b10
_c20130109
_lUCH01
_h1357
650 1 4 _aSolanum.
_9108360
650 1 4 _aTomate
_xCultivos en invernadero.
_9113704
650 1 4 _aTomate
_xPostcosecha.
_9113752
650 1 4 _aTomate
_xVariedades.
_9113777
856 _3Finding aid
_uhttp://10.13.5.2/tesis/114334.pdf
_zTeclea aqui
901 _aBK
942 _cFOLL
949 _aTesis
_bBC
_cTES
_d33724002318934
_eTS1
_gDonaciØn
_h53141
_i114334
_st
949 _aTesis
_bBC
_cTES
_d33724002318975
_eTS2
_fc.2
_gDonaciØn
_h53142
_i114334
_st
999 _c102673
_d102673